| 000 | 00464cam a2200157 a 4500 | ||
|---|---|---|---|
| 020 | _a0875848036 (alk. paper) | ||
| 040 | _cDLC | ||
| 082 | 0 | 0 | _a174 HAR 1997 A114 Or. |
| 100 | 1 | _aBadaracco, Joseph. | |
| 245 | 1 | 0 |
_aDefining moments : _bwhen managers must choose between right and right / |
| 260 |
_aBoston, Mass. : _bHarvard Business School Press, _cc1997. |
||
| 300 |
_axi, 147 p. ; _c24 cm. |
||
| 650 | 0 | _aBusiness ethics. | |
| 650 | 0 | _aExecutives | |
| 942 | _cEK | ||
| 999 |
_c17416 _d17416 |
||